Funny money

Gespeichert in:
Bibliographische Detailangaben
1. Verfasser: Singer, Mark
Format: Buch
Sprache:Englisch
Veröffentlicht: New York Knopf 1985
Ausgabe:1. ed.
Schlagworte:
Tags: Tag hinzufügen
Keine Tags, Fügen Sie das erste Tag hinzu!

MARC

LEADER 00000nam a2200000 4500
001 c001048
005 20221220081511.2
020 |a 0-394-53236-8 
041 0 |a eng 
044 |a US 
245 1 0 |a Funny money  |c Mark Singer 
250 |a 1. ed. 
264 1 |a New York  |b Knopf  |c 1985 
300 |a 221 s. 
610 2 0 |a peniaze 
610 2 0 |a banky 
610 2 0 |a bankovníctvo 
610 2 0 |a Penn Square Bank 
610 2 0 |a Oklahoma City 
610 2 0 |a USA 
610 2 0 |a 1982 
100 1 |a Singer, Mark